[Event "Challenge"]
[Site "http://www.queenalice.com/game.php?id=553854"]
[Date "2009.3.10"]
[Round "-"]
[White "AG_FORTALEZA"]
[Black "Danado"]
[Result "1-0"]
[WhiteElo "1747"]
[BlackElo "1674"]

1. e4 d5 2. exd5 Nf6 3. d4 Nxd5 4. Nf3 Bg4 5. Be2 Bxf3 6. Bxf3 Nc6 7. O-O e5 8.
dxe5 Nb6 9. Nc3 Qxd1 10. Rxd1 Nd7 11. Nb5 Rc8 12. Rxd7 Kxd7 13. Bg4+ Ke7 14.
Bxc8 Nxe5 15. Bxb7 Kd7 16. Nxa7 Bc5 17. Bf4 Bd4 18. Rd1 Ng6 19. Rxd4+ Ke7 20.
Nc6+ Kf6 21. Bxc7 Re8 22. Bd8+ 1-0

[Event "Challenge"]
[Site "http://www.queenalice.com/game.php?id=553862"]
[Date "2009.3.10"]
[Round "-"]
[White "AG_FORTALEZA"]
[Black "lobispito"]
[Result "1-0"]
[WhiteElo "1784"]
[BlackElo "1651"]

1. e4 e5 2. Nf3 Nc6 3. Bb5 Nd4 4. Nxd4 exd4 5. O-O Qh4 6. d3 a6 7. Bc4 Bd6 8. f4
Nf6 9. e5 Ng4 10. h3 Nh6 11. exd6 O-O 12. f5 cxd6 13. Nd2 b5 14. Bd5 Rb8 15. Ne4
b4 16. Bg5 Qxg5 17. Nxg5 Rb5 18. Qf3 a5 19. f6 g6 20. Qe4 Nf5 21. Bxf7+ Kh8 22.
Rxf5 Rxf5 23. Qe7 Rxf7 24. Qxf7 Rxg5 25. Qf8# 1-0

[Event "Challenge"]
[Site "http://www.queenalice.com/game.php?id=568927"]
[Date "2009.4.8"]
[Round "-"]
[White "AG_FORTALEZA"]
[Black "vitte10"]
[Result "1-0"]
[WhiteElo "1840"]
[BlackElo "1818"]

1. e4 c5 2. Nf3 d6 3. Bb5+ Bd7 4. Bxd7+ Qxd7 5. d4 cxd4 6. Qxd4 Nc6 7. Qd3 g6 8.
O-O Bg7 9. Nc3 e6 10. Nb5 d5 11. exd5 exd5 12. Bf4 Kf8 13. Qa3+ Nge7 14. Rad1 a6
15. Nc7 Rc8 16. Nxd5 f6 17. Rfe1 Qf5 18. Nxe7 1-0

[Event "Challenge"]
[Site "http://www.queenalice.com/game.php?id=570890"]
[Date "2009.4.12"]
[Round "-"]
[White "AG_FORTALEZA"]
[Black "Canaye"]
[Result "1-0"]
[WhiteElo "1917"]
[BlackElo "1900"]

1. e4 e6 2. d4 d5 3. Nd2 dxe4 4. Nxe4 Nd7 5. Nf3 Ngf6 6. Bd3 Nxe4 7. Bxe4 Nf6 8.
Bg5 Be7 9. Bxf6 Bxf6 10. O-O O-O 11. c3 Rb8 12. Re1 c5 13. dxc5 Qc7 14. Qd6 Qxd6
15. cxd6 Bd7 16. Bc2 Rbc8 17. Ne5 Bxe5 18. Rxe5 f6 19. Ra5 a6 20. Rd1 Rc4 21.
Bd3 Rh4 22. Rc5 Bc6 23. g3 Rh6 24. Bxa6 Ra8 25. Bb5 Bxb5 26. Rxb5 f5 27. Rxb7 e5
28. c4 Rd8 29. c5 Rf6 30. Rc1 Rf7 31. c6 Rxd6 32. Rb8+ Rf8 33. Rxf8+ Kxf8 34. c7
1-0

[Event "Challenge"]
[Site "http://www.queenalice.com/game.php?id=571962"]
[Date "2009.4.14"]
[Round "-"]
[White "AG_FORTALEZA"]
[Black "Marivaldo"]
[Result "1-0"]
[WhiteElo "1872"]
[BlackElo "1814"]

1. d4 d5 2. c4 c6 3. Nf3 dxc4 4. e4 b5 5. Nc3 e6 6. Be2 a5 7. e5 Bb4 8. O-O Bxc3
9. bxc3 h6 10. Nd2 Ne7 11. Ne4 Nd5 12. Nd6+ Kf8 13. Bh5 g6 14. Qf3 Qe7 15. Bxg6
f6 16. Qh5 Qg7 17. Ne8 Qd7 18. exf6 Nxf6 19. Bxh6+ Ke7 20. Nxf6 Qd8 21. Ne4 Kd7
22. Qe5 Qe7 23. Bf4 Na6 24. Nc5+ Kd8 25. Qxh8+ Qf8 26. Qxf8# 1-0

[Event "Challenge"]
[Site "http://www.queenalice.com/game.php?id=572808"]
[Date "2009.4.16"]
[Round "-"]
[White "AG_FORTALEZA"]
[Black "Martin_Stahl"]
[Result "1-0"]
[WhiteElo "1898"]
[BlackElo "1761"]

1. e4 c5 2. Nf3 Nc6 3. Nc3 g6 4. d4 cxd4 5. Nxd4 Bg7 6. Be3 d6 7. Be2 Nf6 8.
Nxc6 bxc6 9. e5 Nd5 10. Nxd5 cxd5 11. Qxd5 O-O 12. Qxa8 Qa5+ 13. c3 Qxe5 14.
Qxa7 h5 15. O-O Kh7 16. Rae1 f5 17. Bd4 Qe6 18. Bc4 Bxd4 19. cxd4 Qxc4 20. Rxe7+
Kh6 21. Rh7+ 1-0

[Event "Challenge"]
[Site "http://www.queenalice.com/game.php?id=575622"]
[Date "2009.4.21"]
[Round "-"]
[White "Marivaldo"]
[Black "AG_FORTALEZA"]
[Result "0-1"]
[WhiteElo "1817"]
[BlackElo "1943"]

1. d4 Nf6 2. Bf4 d5 3. Nc3 Nc6 4. Nb5 e5 5. dxe5 a6 6. exf6 axb5 7. fxg7 Bxg7 8.
Bc1 Qd6 9. c3 b4 10. Bd2 bxc3 11. bxc3 Bf5 12. e3 Ne5 13. Nf3 Nd3+ 14. Bxd3 Bxd3
15. a4 Qg6 16. Nh4 Qe4 17. Nf3 O-O 18. a5 Rfe8 19. Ra4 Bc4 20. Rg1 c5 21. Ng5
Qd3 22. Nh3 Bxc3 23. Bxc3 Rxe3+ 24. fxe3 Qxe3+ 25. Qe2 Qxe2# 0-1

[Event "Challenge"]
[Site "http://www.queenalice.com/game.php?id=575625"]
[Date "2009.4.21"]
[Round "-"]
[White "AG_FORTALEZA"]
[Black "Marivaldo"]
[Result "1-0"]
[WhiteElo "1960"]
[BlackElo "1819"]

1. e4 e5 2. Nf3 Bd6 3. Bc4 h6 4. d4 Nc6 5. O-O Nf6 6. dxe5 Bxe5 7. Nxe5 Nxe5 8.
Be2 Nxe4 9. Qd5 O-O 10. Qxe4 Re8 11. Nc3 d6 12. Bf4 Ng6 13. Qf3 Nh4 14. Qh5 Nf5
15. Bd3 Qh4 16. Qxh4 Nxh4 17. Nd5 Rd8 18. Nxc7 Rb8 19. Nb5 Bf5 20. Bxd6 Bxd3 21.
cxd3 Rbc8 22. Be7 Ng6 23. Bxd8 Rxd8 24. Nxa7 Rxd3 25. Rfd1 Nf4 26. Rxd3 Nxd3 27.
Rd1 Nxb2 28. Rd8+ Kh7 29. Rd4 b6 30. Kf1 Kg6 31. Ke2 Kf5 32. Rb4 g6 33. Rxb2 1-0

[Event "Challenge"]
[Site "http://www.queenalice.com/game.php?id=580056"]
[Date "2009.4.29"]
[Round "-"]
[White "AG_FORTALEZA"]
[Black "imcute"]
[Result "1-0"]
[WhiteElo "1975"]
[BlackElo "2010"]

1. e4 e6 2. d4 d5 3. Nc3 Nf6 4. Bg5 Be7 5. e5 Nfd7 6. Bxe7 Qxe7 7. Nb5 Qd8 8. c4
a6 9. Nc3 c6 10. Nf3 Qc7 11. Rc1 Qb6 12. cxd5 cxd5 13. Nxd5 Qa5+ 14. b4 Qd8 15.
Nc7+ Kf8 16. Nxa8 Nc6 17. Qd2 Nb6 18. b5 axb5 19. Rxc6 bxc6 20. Qa5 g6 21. Nxb6
Qc7 22. Bd3 Kg7 23. O-O Bb7 24. Nc4 Qd7 25. Nd6 1-0

[Event "Challenge"]
[Site "http://www.queenalice.com/game.php?id=580830"]
[Date "2009.5.1"]
[Round "-"]
[White "AG_FORTALEZA"]
[Black "Marivaldo"]
[Result "1-0"]
[WhiteElo "2012"]
[BlackElo "1856"]

1. e4 d5 2. exd5 Qxd5 3. Nc3 Qd8 4. Nf3 a6 5. d4 g6 6. Bc4 e6 7. O-O Bg7 8. d5
Nh6 9. Bg5 Qd6 10. Ne4 Qb4 11. Bxh6 Bxh6 12. Qd4 O-O 13. Nf6+ Kh8 14. Qh4 Kg7
15. Ng4 Bf4 16. Qf6+ Kg8 17. Qxf4 Qxb2 18. Nfe5 Qxc2 19. Nf6+ Kg7 20. Neg4 Nd7
21. Qh6+ Kh8 22. Qxh7# 1-0

[Event "Challenge"]
[Site "http://www.queenalice.com/game.php?id=589281"]
[Date "2009.5.16"]
[Round "-"]
[White "AG_FORTALEZA"]
[Black "garca"]
[Result "1-0"]
[WhiteElo "2039"]
[BlackElo "1933"]

1. e4 e5 2. Nf3 d6 3. d4 exd4 4. Nxd4 Be7 5. Nc3 h6 6. Bf4 Bd7 7. Bc4 Nc6 8.
Nxc6 Bxc6 9. Qh5 g6 10. Qf3 Nf6 11. O-O Bd7 12. e5 dxe5 13. Bxe5 O-O 14. Rad1
Kg7 15. Ne4 a6 16. Bc3 b5 17. Nxf6 Bxf6 18. Rxd7 Qxd7 19. Qxf6+ 1-0

[Event "Challenge"]
[Site "http://www.queenalice.com/game.php?id=590343"]
[Date "2009.5.18"]
[Round "-"]
[White "AG_FORTALEZA"]
[Black "palaciorep"]
[Result "1-0"]
[WhiteElo "2053"]
[BlackElo "1934"]

1. e4 e5 2. Nf3 Nc6 3. d4 exd4 4. Nxd4 Nxd4 5. Qxd4 Qe7 6. Nc3 c6 7. Be2 Nf6 8.
e5 Ng8 9. Ne4 Qb4+ 10. Qxb4 Bxb4+ 11. c3 Be7 12. Bc4 b5 13. Bb3 a5 14. O-O a4
15. Bc2 Ba6 16. Re1 O-O-O 17. Be3 d5 18. exd6 Bxd6 19. Nxd6+ Rxd6 20. Bd4 f6 21.
Re8+ Rd8 22. Bf5+ Kc7 23. Bb6+ Kxb6 24. Rxd8 c5 25. Rad1 b4 26. R1d6+ Kb5 27.
c4+ Ka5 28. Ra8 b3 29. Rdxa6+ Kb4 30. Rxa4# 1-0

[Event "Challenge"]
[Site "http://www.queenalice.com/game.php?id=603941"]
[Date "2009.6.15"]
[Round "-"]
[White "AG_FORTALEZA"]
[Black "mandaragit"]
[Result "1-0"]
[WhiteElo "2087"]
[BlackElo "2159"]

1. e4 e6 2. d4 d5 3. Nc3 Nf6 4. Bg5 Bb4 5. e5 h6 6. Bd2 Bxc3 7. Bxc3 Ne4 8. Bd2
c5 9. Bf4 cxd4 10. f3 Qa5+ 11. c3 dxc3 12. b4 Qxb4 13. a3 c2+ 14. axb4 cxd1=Q+
15. Rxd1 Ng5 16. h4 Nh7 17. Bd3 Nc6 18. b5 Nd8 19. Ne2 Nf8 20. Rh3 Nd7 21. Rg3
Nc5 22. Rxg7 Bd7 23. Nd4 Rc8 24. Bh7 a5 25. Bxh6 a4 26. Be3 b6 27. h5 a3 28. Ra1
Ra8 29. Ra2 Ra5 30. h6 Kf8 31. Bg5 Ndb7 32. Nc6 Rxb5 33. Ne7 Na5 34. Ng6+ fxg6
35. Be7+ 1-0

[Event "Challenge"]
[Site "http://www.queenalice.com/game.php?id=603942"]
[Date "2009.6.15"]
[Round "-"]
[White "AG_FORTALEZA"]
[Black "WilsonFerreira"]
[Result "1-0"]
[WhiteElo "2065"]
[BlackElo "1940"]

1. e4 e5 2. Nf3 d6 3. d4 exd4 4. Nxd4 Nf6 5. Nc3 Be7 6. Bf4 Bd7 7. Be2 Nc6 8.
O-O O-O 9. Re1 Re8 10. Nxc6 Bxc6 11. Bc4 a6 12. a3 Nd7 13. Qh5 g6 14. Bxf7+ Kg7
15. Qh6+ 1-0

[Event "Challenge"]
[Site "http://www.queenalice.com/game.php?id=603943"]
[Date "2009.6.15"]
[Round "-"]
[White "AG_FORTALEZA"]
[Black "WilsonFerreira"]
[Result "1-0"]
[WhiteElo "2076"]
[BlackElo "1940"]

1. e4 c5 2. Nf3 e6 3. Nc3 d6 4. d4 cxd4 5. Nxd4 Nc6 6. Nxc6 bxc6 7. Be2 Be7 8.
O-O Bb7 9. Qd3 Nf6 10. Qg3 g6 11. Rd1 d5 12. Bh6 Nh5 13. Bxh5 gxh5 14. exd5 cxd5
15. Ne4 d4 16. Qg7 Qd5 17. Qxh8+ Kd7 18. Qxd4 1-0

[Event "Challenge"]
[Site "http://www.queenalice.com/game.php?id=627809"]
[Date "2009.7.31"]
[Round "-"]
[White "AG_FORTALEZA"]
[Black "Sabaak_No_Gaara"]
[Result "1-0"]
[WhiteElo "2111"]
[BlackElo "1935"]

1. e4 d6 2. d4 Nf6 3. Nc3 g6 4. Nf3 Bg4 5. h3 Bxf3 6. Qxf3 Bg7 7. e5 dxe5 8.
dxe5 Ng8 9. Qxb7 Nd7 10. f4 Nh6 11. Be3 Nf5 12. Bf2 Qc8 13. Qxc8+ Rxc8 14. g4
Nd6 15. O-O-O O-O 16. Nd5 Ne4 17. Nxe7+ Kh8 18. Rxd7 Nxf2 19. Rh2 Rb8 20. Rxf2
1-0

[Event "Challenge"]
[Site "http://www.queenalice.com/game.php?id=628150"]
[Date "2009.7.31"]
[Round "-"]
[White "AG_FORTALEZA"]
[Black "Canaye"]
[Result "1-0"]
[WhiteElo "2105"]
[BlackElo "1894"]

1. e4 e6 2. d4 d5 3. Nc3 dxe4 4. Nxe4 Nd7 5. Nf3 Ngf6 6. Bd3 Nxe4 7. Bxe4 Nf6 8.
Bg5 Be7 9. Bxf6 Bxf6 10. c3 O-O 11. O-O c5 12. dxc5 Qc7 13. Qd6 Qe7 14. Rad1 e5
15. Qxe7 Bxe7 16. c6 bxc6 17. Nxe5 Bf6 18. Nxc6 Ba6 19. Rfe1 Rae8 20. Nxa7 g6
21. Rd6 Re6 22. Rxe6 fxe6 23. Nc6 Kg7 24. a4 Bh4 25. Bf3 Bc4 26. Re4 Bxf2+ 27.
Kxf2 Bd5 28. Nd4 Bxe4 29. Nxe6+ Kg8 30. Nxf8 Bxf3 31. Kxf3 Kxf8 32. a5 1-0

[Event "Challenge"]
[Site "http://www.queenalice.com/game.php?id=628151"]
[Date "2009.7.31"]
[Round "-"]
[White "AG_FORTALEZA"]
[Black "brunofernandes"]
[Result "1-0"]
[WhiteElo "2118"]
[BlackElo "2217"]

1. e4 c5 2. Nf3 d6 3. Bb5+ Bd7 4. Bxd7+ Qxd7 5. d4 cxd4 6. Qxd4 Nc6 7. Qd3 Nf6
8. Nc3 g6 9. O-O Bg7 10. Re1 O-O 11. Bf4 Rac8 12. a3 Rfd8 13. Rad1 Ng4 14. e5
Qc7 15. exd6 exd6 16. Nd5 Qa5 17. b4 Qa4 18. Ng5 Bd4 19. Bg3 h6 20. Nxf7 Kxf7
21. Qf3+ Kg7 22. Qxg4 Be5 23. f4 h5 24. Qe6 Bb2 25. f5 gxf5 26. Qxf5 1-0

[Event "Challenge"]
[Site "http://www.queenalice.com/game.php?id=635804"]
[Date "2009.8.13"]
[Round "-"]
[White "Gee_eM_Doggy"]
[Black "AG_FORTALEZA"]
[Result "0-1"]
[WhiteElo "1560"]
[BlackElo "2133"]

1. e4 e5 2. Nf3 Nc6 3. Bb5 Nf6 4. O-O Bc5 5. Re1 Ng4 6. d4 Nxd4 7. Nxd4 Qh4 8.
Be3 Qxh2+ 9. Kf1 Qh1+ 10. Ke2 Nxe3 11. fxe3 Qxg2+ 12. Kd3 exd4 13. exd4 Be7 14.
Nd2 c6 15. Bc4 d5 16. exd5 b5 17. Bb3 Bf5+ 18. Kc3 b4+ 0-1

[Event "#16"]
[Site "http://www.queenalice.com/game.php?id=652374"]
[Date "2009.9.14"]
[Round "-"]
[White "ernesto_che"]
[Black "AG_FORTALEZA"]
[Result "1-0"]
[WhiteElo "1198"]
[BlackElo "2133"]

1. g3 e5 2. c4 Nf6 3. Bg2 d5 4. cxd5 Nxd5 5. Nc3 Nxc3 6. bxc3 Nc6 7. Qb3 Bc5 8.
Nf3 O-O 9. d3 Rb8 10. O-O Be6 11. Qb5 Qe7 12. Ng5 Bf5 13. Ne4 Bb6 14. Rb1 Rfe8
15. Re1 Be6 16. Qa4 Qd7 17. Ng5 Bf5 18. Ba3 Ne7 19. Qxd7 Bxd7 20. Red1 Ba4 21.
Rd2 Bc6 22. Bxc6 Nxc6 23. e3 Rbd8 24. Nf3 f5 25. h4 e4 26. dxe4 fxe4 27. Rxd8
Rxd8 28. Ng5 Rd5 29. Nxe4 Ra5 30. Rb3 Ra4 31. Bb4 Rxa2 32. c4 Ra4 33. Bc3 Rxc4
34. Nd2 Ra4 35. Nf3 Ra2 36. Ng5 h6 37. Ne6 Rc2 38. Nxg7 Rxc3 39. Rxc3 Kxg7 40.
Kg2 a5 41. f4 a4 42. Ra3 Bc5 43. Rxa4 Bxe3 44. Kf3 Bc5 45. Ke4 1-0